[Event "AUTO-INT-3027"]
[Site "http://www.queenalice.com/game.php?id=1372873"]
[Date "2015.7.23"]
[Round "1"]
[White "AndersonSouza"]
[Black "txukahamae"]
[Result "0-1"]
[WhiteElo "1466"]
[BlackElo "1655"]

1. b3 b6 2. Bb2 Bb7 3. f3 Nf6 4. g3 e6 5. Bg2 d5 6. Nh3 h6 7. Nf4 Bd6 8. a3 Bxf4
9. gxf4 Nbd7 10. Nc3 O-O 0-1

[Event "AUTO-INT-3027"]
[Site "http://www.queenalice.com/game.php?id=1372874"]
[Date "2015.7.23"]
[Round "1"]
[White "txukahamae"]
[Black "AndersonSouza"]
[Result "1-0"]
[WhiteElo "1663"]
[BlackElo "1458"]

1. d4 b6 2. c4 Bb7 3. Nf3 g6 4. Nc3 Bg7 5. e3 h6 6. Bd3 a6 7. Bd2 e6 8. O-O d6
9. Qc2 Ne7 10. Rfe1 Nd7 11. a3 1-0

[Event "AUTO-INT-3027"]
[Site "http://www.queenalice.com/game.php?id=1372875"]
[Date "2015.7.23"]
[Round "1"]
[White "AndersonSouza"]
[Black "Derik_vd_Heever"]
[Result "0-1"]
[WhiteElo "1475"]
[BlackElo "1653"]

1. b3 d5 2. Bb2 e6 3. g3 c5 4. Bg2 Nf6 5. h3 Nc6 6. a3 g6 7. g4 Bg7 8. e3 O-O 9.
Ne2 b6 10. d3 Ba6 11. Nd2 e5 12. b4 cxb4 13. axb4 Nxb4 14. Bxe5 Qc8 0-1

[Event "AUTO-INT-3027"]
[Site "http://www.queenalice.com/game.php?id=1372876"]
[Date "2015.7.23"]
[Round "1"]
[White "Derik_vd_Heever"]
[Black "AndersonSouza"]
[Result "1-0"]
[WhiteElo "1643"]
[BlackElo "1485"]

1. e4 g6 2. d4 b6 3. Nd2 Bb7 4. Ngf3 Bg7 5. g3 h6 6. Bg2 e6 7. O-O d6 8. b3 c5
9. Bb2 Ne7 10. Nc4 Bxe4 11. Bh3 f5 12. c3 Nd5 13. Qe2 Nc6 14. Nfd2 Nf6 15. f3
1-0

[Event "AUTO-INT-3028"]
[Site "http://www.queenalice.com/game.php?id=1373371"]
[Date "2015.7.26"]
[Round "1"]
[White "AndersonSouza"]
[Black "babydaddytoo"]
[Result "0-1"]
[WhiteElo "1448"]
[BlackElo "2275"]

1. g3 e5 2. Bg2 Nf6 3. b3 d5 4. Bb2 Bd6 5. h3 O-O 6. a3 d4 7. d3 c5 8. Nd2 Qc7
9. e3 Nc6 10. Ne2 Be6 11. Rg1 Rfe8 12. Rb1 Be7 13. Ne4 Nxe4 14. dxe4 Rad8 15.
exd4 Nxd4 16. Nxd4 cxd4 17. f4 exf4 18. gxf4 Bh4+ 19. Kd2 Qxf4+ 20. Kd3 Qe3# 0-1

[Event "AUTO-INT-3028"]
[Site "http://www.queenalice.com/game.php?id=1373372"]
[Date "2015.7.26"]
[Round "1"]
[White "babydaddytoo"]
[Black "AndersonSouza"]
[Result "1-0"]
[WhiteElo "2240"]
[BlackElo "1450"]

1. d4 b6 2. e4 Bb7 3. Nc3 g6 4. Nf3 Bg7 5. Bc4 e6 6. O-O a6 7. d5 Ne7 8. a4 d6
9. dxe6 fxe6 10. Bxe6 Bxc3 11. bxc3 Bxe4 12. Qd4 Rf8 13. Qxe4 Nbc6 14. Re1 b5
15. Bd5 Kd7 16. Qe6+ Ke8 17. Bxc6+ Qd7 18. Qxe7# 1-0

[Event "AUTO-INT-3028"]
[Site "http://www.queenalice.com/game.php?id=1373374"]
[Date "2015.7.26"]
[Round "1"]
[White "TorresR"]
[Black "AndersonSouza"]
[Result "1-0"]
[WhiteElo "1897"]
[BlackElo "1446"]

1. e4 g6 2. d4 Bg7 3. e5 e6 4. f4 b6 5. Nf3 h6 6. Bd3 Bb7 7. O-O Ne7 8. c4 Nf5
9. d5 exd5 10. cxd5 Bxd5 11. Bxf5 gxf5 12. Qxd5 Nc6 13. Nc3 a6 14. Be3 Nb4 15.
Qb3 a5 16. Rad1 d6 17. exd6 cxd6 18. Nb5 Ke7 19. Nxd6 Qc7 20. Qxf7+ Kd8 21. Nb5+
Qd7 22. Qxd7# 1-0

[Event "AUTO-INT-3028"]
[Site "http://www.queenalice.com/game.php?id=1373375"]
[Date "2015.7.26"]
[Round "1"]
[White "AndersonSouza"]
[Black "allgambits"]
[Result "0-1"]
[WhiteElo "1446"]
[BlackElo "1764"]

1. b3 e5 2. Bb2 Nc6 3. g3 Bc5 4. f4 d6 5. e3 Nf6 6. Qe2 Bg4 7. Qf2 Nb4 8. Be2
Bxe2 9. Kxe2 Nxc2 10. fxe5 dxe5 11. Bxe5 Qd5 12. Nf3 Nxa1 13. Nc3 Qd7 14. Rxa1
Ng4 15. Qg2 Nxe5 16. Nxe5 Qc8 17. Nb5 O-O 18. Rc1 b6 19. Nc6 Qg4+ 20. Qf3 Qxf3+
21. Kxf3 a6 22. Nxc7 Rac8 23. Ne7+ Bxe7 24. Rc6 Bf6 25. d4 a5 26. a3 Rfd8 27.
Ke2 Be7 28. b4 axb4 29. axb4 Bd6 30. Kd3 Bxc7 31. e4 Rd6 32. Rc3 Rdd8 33. e5 Bb8
34. Ra3 Bxe5 35. Ke4 Bxd4 36. Kf4 Rc4 37. Rb3 Bc3+ 0-1

[Event "AUTO-INT-3028"]
[Site "http://www.queenalice.com/game.php?id=1373376"]
[Date "2015.7.26"]
[Round "1"]
[White "allgambits"]
[Black "AndersonSouza"]
[Result "1-0"]
[WhiteElo "1760"]
[BlackElo "1450"]

1. d4 b6 2. e3 Bb7 3. Nf3 g6 4. Bc4 e6 5. Nc3 Bg7 6. Bd2 a6 7. Qe2 h6 8. O-O-O
Ne7 9. h3 Nf5 10. g4 Nd6 11. Bb3 Rg8 12. Rhg1 Nb5 13. h4 Nxc3 14. Bxc3 d6 15.
Nd2 Nd7 16. g5 hxg5 17. hxg5 c5 18. f4 e5 19. dxe5 dxe5 20. Nc4 Kf8 21. Nxe5
Bxe5 22. Bxe5 Qe7 23. Bc3 Re8 24. Rg3 Nb8 25. a3 Nc6 26. Bd5 Na5 27. Bxa5 bxa5
28. Bxb7 Qxb7 29. Qc4 Qb5 30. Qc3 Ke7 31. Qf6+ Kf8 32. Qc3 a4 33. Re1 c4 34. e4
Re6 35. Rh3 Ke8 36. Rh7 Ke7 37. f5 1-0

[Event "AUTO-OPEN-3534"]
[Site "http://www.queenalice.com/game.php?id=1380510"]
[Date "2015.8.30"]
[Round "1"]
[White "Michelangelo"]
[Black "AndersonSouza"]
[Result "1-0"]
[WhiteElo "1812"]
[BlackElo "1343"]

1. e4 b6 2. g3 Bb7 3. Bg2 g6 4. d4 Bg7 5. c3 f5 6. Nd2 e6 7. Ne2 h6 8. O-O a6 9.
d5 Ne7 10. dxe6 dxe6 11. Qb3 Qd7 12. Nf4 1-0

[Event "AUTO-OPEN-3534"]
[Site "http://www.queenalice.com/game.php?id=1380511"]
[Date "2015.8.30"]
[Round "1"]
[White "AndersonSouza"]
[Black "Michelangelo"]
[Result "0-1"]
[WhiteElo "1345"]
[BlackElo "1810"]

1. b3 g6 2. Bb2 Nf6 3. g3 Bg7 4. Bg2 O-O 5. h3 d5 6. a3 c6 7. d3 Re8 8. e3 e5 9.
Nd2 Be6 10. Ne2 Nbd7 0-1